Statistics for Places My Car Has Been

Click here to take the quiz!

General Stats

  • This quiz has been taken 170 times
  • The average score is 6 of 18

Answer Stats

Answer% Correct
The Great Pyramids, Giza
96%
Brandenburg Gate, Berlin
73%
Red Square, Moscow
62%
Berlin Wall, Berlin
61%
St Basil's Cathedral, Moscow
58%
Autobahn, Germany
56%
Acropolis, Athens
55%
Hagia Sofia, Istanbul
35%
Auschwitz-Birkenau
34%
Reichstag, Berlin
31%
Winter Palace, St Petersburg
30%
Al Aqsa Mosque, Jerusalem
11%
McDonald's, Batumi
10%
Potemkin Stairs, Odessa
9%
King Fahd Causeway, Persian Gulf
8%
Church of the Savior on the Spilled Blood, St Petersburg
5%
Stalin Line Museum, Minsk
5%
Leonidas Statue, Thermopylae
4%

Score Distribution

Percentile by Number Answered

Percent of People with Each Score

Your Score History

You have not taken this quiz